000 00471nam a22001697a 4500
003 BD-ChCU
005 20251207134250.0
008 251207b bg ||||| |||| 00| 0 ben d
040 _cBD-ChCU
082 _a330.95492
100 _aStepanek, Joseph F.
_917597
245 _aBangladesh-Equitable growth ?//
_cJoseph F. Stepanek
260 _aNew York
_bPergamon
_c1979
300 _axvi, 191p
650 0 _aBangladesh - Economic Conditions.
_917599
942 _2ddc
_cBK
_n0
999 _c110183
_d110183